• 首页
  • 本馆介绍
  • 公告通知
  • 最新文献
  • 馆藏检索
  • 电子资源
  • 读者导购
  • 参考咨询
  • 我的图书馆
  • 登录
  • 详细信息显示
  • 放入我的书架
  • 预约/预借图书
  • 作者相关作品
  • 分类相关作品
  • 丛书相关作品
  • 出版社相关作品

书目信息

  • 表格格式
  • 工作单格式
  • 卡片格式
题名:
秘密使命
    
 
作者: 札卡里亚斯 著 ;何新 译
分册:  
出版信息: 北京   群众出版社  1964
页数: 107页
开本: 20cm
丛书名:
单 册:
中图分类: D509
科图分类:
主题词: 间谍-情报活动--美国 , 情报活动-间谍--美国 , 国际政治
电子资源:
ISBN:
000 00698nam0 2200265 45
001 0179002653
005 20060914112058.25
010    @dCNY0.34
091    @a3067.44
100    @a19950713e19791964em y0chiy0121 ea
101 1  @achi@ceng
102    @aCN@b110000
105    @ay z 000yy
200 10 @a秘密使命@Ami mi shi ming@f(美)札卡里亚斯著@g何新译
210    @a北京@c群众出版社@d1964@h1979重印
215    @a107页@d20cm
300    @a内部发行
606    @a间谍-情报活动@y美国
606    @a情报活动-间谍@y美国
606 0  @a国际政治
690    @aD509
701  1 @a札卡里亚斯@Azha ka li ya si@4著
702  0 @a何新@Ahe xin@4译
801  0 @aCN@bNLC@c20060914
905    @f1@b14481@dD509@e5
    
    秘密使命/(美)札卡里亚斯著/何新译.-北京:群众出版社,1964(1979重印)
    107页;20cm
    内部发行
    
    ISBN :CNY0.34
    
●
相关链接 在E读中查询图书 在五车中查询图书 在当当中查询图书 在豆瓣中查询图书


正题名:秘密使命     索取号:D509/5         预约/预借

序号 登录号 条形码 馆藏地/架位号 状态 备注
1 0014481   000482392   第一样本阅览室/ [索取号:D509/5] 在馆    
2 0425349   204253495   密集书库/ [索取号:D509/5] 在馆    
3 0425350   204253501   密集书库/ [索取号:D509/5] 在馆    
4 0441708   204417087   密集书库/ [索取号:D509/5] 在馆    
5 0473385   204733850   密集书库/ [索取号:D509/5] 在馆    
唐山师范学院图书馆 欢迎您!
大连网信软件有限公司© 版权所有